[Event "Ding Liren - Navara (match) 2019"]
[Site "http://www.chessbomb.com"]
[Date "2019.06.19"]
[Round "9"]
[White "Navara, David"]
[Black "Ding, Liren"]
[Result "0-1"]
[WhiteElo "2684"]
[BlackElo "2779"]
[PlyCount "78"]
[EventDate "2019.??.??"]

1. e4 e5 2. Nf3 Nc6 3. Bb5 Nf6 4. O-O Nxe4 5. Re1 Nd6 6. Nxe5 Be7 7. Bf1 Nxe5
8. Rxe5 O-O 9. d4 Bf6 10. Re1 Re8 11. Rxe8+ Nxe8 12. d5 d6 13. Nd2 c6 14. Nc4
cxd5 15. Qxd5 Be7 16. Bf4 Nf6 17. Qd3 d5 18. Ne3 Be6 19. Be5 Nd7 20. Bd4 Nc5
21. Qe2 Qc7 22. Rd1 Rd8 23. Qf3 Ne4 24. Bd3 Nc5 25. Bf5 Bf8 26. c3 Bxf5 27.
Qxf5 Ne6 28. Nxd5 Qc4 29. Bxa7 Qa4 30. Rd3 Qxa2 31. h4 Qxa7 32. Rg3 Kh8 33.
Qxf7 Rxd5 34. Qxe6 Rd1+ 35. Kh2 Qxf2 36. Qe4 h5 37. Rg6 Bd6+ 38. Rxd6 Rxd6 39.
Qe8+ Kh7 0-1

[Event "Ding Liren - Navara (match) 2019"]
[Site "http://www.chessbomb.com"]
[Date "2019.06.19"]
[Round "10"]
[White "Ding, Liren"]
[Black "Navara, David"]
[Result "1-0"]
[WhiteElo "2779"]
[BlackElo "2684"]
[PlyCount "107"]
[EventDate "2019.??.??"]

1. e4 c6 2. d4 d5 3. exd5 cxd5 4. Bd3 Nc6 5. c3 Nf6 6. h3 g6 7. Nf3 Bf5 8. Be2
Bg7 9. O-O O-O 10. Bf4 Ne4 11. Nbd2 f6 12. Nxe4 Bxe4 13. Nd2 Bf5 14. Bg3 e5 15.
dxe5 fxe5 16. Re1 Kh8 17. Nf1 d4 18. Bf3 Rc8 19. Nd2 Qb6 20. Qb3 Qa6 21. Ne4
Na5 22. Qa3 dxc3 23. bxc3 Qb6 24. Rab1 Qc7 25. Rb5 b6 26. Nd6 Qxc3 27. Qxc3
Rxc3 28. Nxf5 Rxf5 29. Rd5 Rf8 30. Rd7 Rfc8 31. Rxa7 Nc6 32. Rb7 Nd4 33. Be4
Ra3 34. Kh2 Rxa2 35. Rxg7 Kxg7 36. Bxe5+ Kf8 37. Bxd4 b5 38. f3 b4 39. Rb1 Ra4
40. Rb3 Rc4 41. Bb2 Ke7 42. Kg3 Kd6 43. Kf2 Kc5 44. Ke3 Ra7 45. Bd3 Re7+ 46.
Kf2 Rf4 47. Bc1 Rc4 48. Bxc4 Kxc4 49. Re3 Ra7 50. Bd2 Ra2 51. Ke2 b3 52. Rc3+
Kb4 53. Rc2+ Ka3 54. Rxa2+ 1-0

[Event "Chinese League 2019"]
[Site "Daqing CHN"]
[Date "2019.06.19"]
[Round "1"]
[White "Bu, Xiangzhi"]
[Black "Wang, Hao"]
[Result "1/2-1/2"]
[WhiteElo "2729"]
[BlackElo "2737"]
[PlyCount "66"]
[EventDate "2019.06.19"]
[EventType "team"]
[WhiteTeam "Shandong"]
[BlackTeam "Heilongjiang"]

1. d4 Nf6 2. c4 e6 3. Nf3 d5 4. Nc3 Be7 5. Bg5 h6 6. Bxf6 Bxf6 7. e3 O-O 8. Rc1
c6 9. Bd3 Nd7 10. O-O dxc4 11. Bxc4 e5 12. h3 exd4 13. exd4 Nb6 14. Bb3 Bf5 15.
Re1 Re8 16. g4 Bg6 17. Rxe8+ Qxe8 18. Qd2 Qd7 19. Qf4 Rd8 20. Re1 Nd5 21. Nxd5
cxd5 22. Ne5 Qd6 23. Nxg6 fxg6 24. Qxd6 Rxd6 25. Kg2 Bxd4 26. Rd1 Bxb2 27. Rxd5
Rxd5 28. Bxd5+ Kf8 29. Bxb7 g5 30. Ba8 Ba1 31. Bb7 Bb2 32. Ba8 Ba1 33. Bb7 Bb2
1/2-1/2

[Event "Chinese League 2019"]
[Site "Daqing CHN"]
[Date "2019.06.19"]
[Round "1"]
[White "Zhang, Ziji"]
[Black "Yu, Yangyi"]
[Result "0-1"]
[WhiteElo "2408"]
[BlackElo "2738"]
[PlyCount "87"]
[EventDate "2019.06.19"]
[EventType "team"]
[WhiteTeam "Hebei"]
[BlackTeam "Beijing"]

1. d4 Nf6 2. c4 e6 3. Nf3 Bb4+ 4. Nbd2 O-O 5. a3 Be7 6. e4 d6 7. Be2 c5 8. d5
e5 9. O-O Nbd7 10. Ne1 Ne8 11. Nd3 g6 12. b4 b6 13. Rb1 Ng7 14. bxc5 bxc5 15.
Nb3 f5 16. f3 Nf6 17. Nf2 Nfh5 18. Bd2 Bg5 19. Re1 Rb8 20. Bf1 Rb7 21. Qc2 Bh4
22. Na5 Rxb1 23. Qxb1 fxe4 24. Qxe4 Nf4 25. Nc6 Qg5 26. Qc2 Bf5 27. Qc1 Ngh5
28. Ne4 Bxe4 29. Rxe4 a6 30. Be3 Rf7 31. Qb1 Kg7 32. a4 Nh3+ 33. Kh1 Nf2+ 34.
Kg1 Nf4 35. Bxf4 Nh3+ 36. Kh1 Nxf4 37. Qb2 Nh5 38. Kg1 Rxf3 39. Nxe5 dxe5 40.
Rxe5 Rxf1+ 41. Kxf1 Qf4+ 42. Kg1 Bf6 43. Qb7+ Kh6 44. Re4 0-1

[Event "Chinese League 2019"]
[Site "Daqing CHN"]
[Date "2019.06.19"]
[Round "1"]
[White "Wei, Yi"]
[Black "Liu, Yan"]
[Result "1-0"]
[WhiteElo "2741"]
[BlackElo "2504"]
[PlyCount "125"]
[EventDate "2019.06.19"]
[EventType "team"]
[WhiteTeam "Jiangsu"]
[BlackTeam "Chongqing"]

1. e4 e5 2. Nf3 Nf6 3. Nxe5 d6 4. Nc4 Nxe4 5. Qe2 Qe7 6. Ne3 Nf6 7. Nc3 Nc6 8.
Ncd5 Nxd5 9. Nxd5 Qxe2+ 10. Bxe2 Kd8 11. c3 Ne7 12. Nf4 c6 13. d4 d5 14. O-O
Nf5 15. g4 Nd6 16. b3 g5 17. Nh5 Be7 18. f4 Rg8 19. fxg5 Bxg5 20. Ba3 Ne4 21.
Rxf7 Nxc3 22. Bf3 Nb5 23. Bb2 h6 24. Re1 Bd7 25. Nf6 Bxf6 26. Rxf6 Kc7 27. Re7
h5 28. Rff7 Rad8 29. h3 hxg4 30. hxg4 Kc8 31. Rg7 Rxg7 32. Rxg7 Nc7 33. Rg6 Ne6
34. Kh2 Nf4 35. Rf6 Ne6 36. Rg6 Nf4 37. Rh6 Rg8 38. Kg3 Ne6 39. Be2 Kd8 40. a4
Ke8 41. Rh5 Kf7 42. Rf5+ Kg7 43. Bd3 Be8 44. Re5 Kf6 45. Bf5 Bf7 46. Re2 Ng5
47. Rf2 Kg7 48. Kh4 Ne6 49. Re2 Kf6 50. Kg3 Ng5 51. Rf2 Kg7 52. Kh4 Ne6 53.
Bxe6 Bxe6 54. Ba3 Kh7 55. g5 Rg7 56. Kh5 Rd7 57. Rf6 Bh3 58. Bf8 Kg8 59. g6 Rd8
60. Bh6 Re8 61. g7 Kh7 62. Rf8 Be6 63. Kg5 1-0

[Event "Chinese League 2019"]
[Site "Daqing CHN"]
[Date "2019.06.20"]
[Round "2"]
[White "Yu, Yangyi"]
[Black "Bai, Jinshi"]
[Result "1-0"]
[WhiteElo "2738"]
[BlackElo "2606"]
[PlyCount "139"]
[EventDate "2019.06.19"]
[EventType "team"]
[WhiteTeam "Beijing"]
[BlackTeam "Shanghai"]

1. d4 d5 2. c4 c6 3. Nf3 Nf6 4. e3 g6 5. Nc3 Bg7 6. Be2 O-O 7. O-O dxc4 8. Bxc4
Bg4 9. h3 Bxf3 10. Qxf3 Nbd7 11. Rd1 e5 12. d5 e4 13. Nxe4 Nxe4 14. Qxe4 Nb6
15. Bb3 cxd5 16. Bxd5 Nxd5 17. Rxd5 Qb6 18. Qd3 Rad8 19. e4 Bd4 20. Qf3 Rc8 21.
a4 Rc2 22. a5 Qb4 23. Bf4 Qxb2 24. Rf1 Bg7 25. e5 b6 26. a6 Rc3 27. Qe4 Qa2 28.
Rd7 Rc4 29. Qd5 Qxa6 30. e6 Rxf4 31. e7 Qc4 32. Qb7 Rd4 33. exf8=Q+ Bxf8 34.
Rxd4 Qxd4 35. Qxa7 h5 36. Rb1 Bc5 37. Qa8+ Kh7 38. Qf3 Kg7 39. Qe2 Qf4 40. Rd1
Bd6 41. g3 Qf6 42. Kg2 Bc5 43. Rd5 Qc3 44. Rd3 Qf6 45. Rf3 Qd4 46. Qa2 Qd7 47.
Qc4 Qb7 48. Qc3+ Kg8 49. Qe5 Qc6 50. Qf6 Qxf6 51. Rxf6 Kg7 52. Rc6 f5 53. f4
Kf7 54. Kf3 Bd4 55. g4 hxg4+ 56. hxg4 fxg4+ 57. Kxg4 Bf6 58. Rxb6 Ke7 59. Rb5
Kf7 60. Kf3 Bc3 61. Ke4 Ke6 62. Rc5 Bb2 63. Rc6+ Kf7 64. Kd5 Bf6 65. Rc7+ Kf8
66. Ke6 Bd4 67. Rd7 Bb2 68. Rd1 Kg7 69. Rg1 Bd4 70. Rg2 1-0

[Event "Chinese League 2019"]
[Site "Daqing CHN"]
[Date "2019.06.20"]
[Round "2"]
[White "Lu, Shanglei"]
[Black "Wei, Yi"]
[Result "1/2-1/2"]
[WhiteElo "2624"]
[BlackElo "2741"]
[PlyCount "70"]
[EventDate "2019.06.19"]
[EventType "team"]
[WhiteTeam "Zhejiang"]
[BlackTeam "Jiangsu"]

1. e4 c6 2. Nc3 d5 3. Nf3 Nf6 4. e5 Ne4 5. Nxe4 dxe4 6. Ng5 Qd5 7. Qe2 Bf5 8.
g4 Bg6 9. Bg2 Qxe5 10. Nxe4 h5 11. g5 Bxe4 12. g6 f5 13. f3 Nd7 14. fxe4 e6 15.
exf5 Qxf5 16. Qe4 Bc5 17. c3 Qxe4+ 18. Bxe4 Nf6 19. Bc2 e5 20. d3 O-O-O 21. Bg5
Rd6 22. O-O-O Nd5 23. h4 Be3+ 24. Bxe3 Nxe3 25. Rde1 Ng4 26. Rhf1 Rxg6 27. d4
Rf6 28. Bf5+ Kb8 29. Bxg4 hxg4 30. dxe5 Rxf1 31. Rxf1 Rxh4 32. Rf8+ Kc7 33.
Rf7+ Kb6 34. Rxg7 Rh5 35. Rxg4 Rxe5 1/2-1/2

[Event "Chinese League 2019"]
[Site "Daqing CHN"]
[Date "2019.06.21"]
[Round "3"]
[White "Bu, Xiangzhi"]
[Black "Yu, Yangyi"]
[Result "1/2-1/2"]
[WhiteElo "2729"]
[BlackElo "2738"]
[PlyCount "61"]
[EventDate "2019.06.19"]
[EventType "team"]
[WhiteTeam "Shandong"]
[BlackTeam "Beijing"]

1. Nf3 d5 2. d4 Nf6 3. c4 e6 4. Nc3 Bb4 5. Bg5 h6 6. Bxf6 Qxf6 7. e3 O-O 8. Rc1
dxc4 9. Bxc4 c5 10. O-O cxd4 11. Ne4 Qe7 12. a3 Ba5 13. Qxd4 Rd8 14. Qc5 Qxc5
15. Nxc5 Nd7 16. Nb3 Bb6 17. a4 Nf6 18. Be2 a5 19. Ne5 Bd7 20. Nxd7 Rxd7 21.
Rfd1 Rxd1+ 22. Rxd1 Rd8 23. Rxd8+ Bxd8 24. Kf1 Ne4 25. Bf3 Nd6 26. Nc5 b6 27.
Nb7 Nxb7 28. Bxb7 Kf8 29. Ke2 Ke7 30. Kd3 Kd6 31. b3 1/2-1/2

[Event "Chinese League 2019"]
[Site "Daqing CHN"]
[Date "2019.06.21"]
[Round "3"]
[White "Liu, Zexu"]
[Black "Wang, Hao"]
[Result "0-1"]
[WhiteElo "2121"]
[BlackElo "2737"]
[PlyCount "72"]
[EventDate "2019.06.19"]
[EventType "team"]
[WhiteTeam "Wuxi"]
[BlackTeam "Heilongjiang"]

1. d4 Nf6 2. c4 e6 3. g3 c5 4. d5 exd5 5. cxd5 d6 6. Nc3 g6 7. Bg2 Bg7 8. Nf3
O-O 9. O-O Re8 10. Bf4 Na6 11. Re1 Bg4 12. h3 Bxf3 13. Bxf3 Nd7 14. e4 Ne5 15.
Be2 c4 16. Bxe5 Bxe5 17. Bxc4 Nc5 18. Qf3 Rc8 19. Bf1 Qa5 20. Rac1 Qb4 21. Rc2
Na4 22. Bb5 Rxc3 23. Rxc3 Qxb5 24. Rc7 Rf8 25. Rc2 Nc5 26. Qe3 Re8 27. f4 Bg7
28. e5 b6 29. Rce2 dxe5 30. fxe5 Rxe5 31. Qf3 Nd3 32. Rd1 Nxb2 33. Rxe5 Bxe5
34. Rc1 Nc4 35. Qe4 Qc5+ 36. Kh1 Nd6 0-1

[Event "Chinese League 2019"]
[Site "Daqing CHN"]
[Date "2019.06.22"]
[Round "4"]
[White "Yu, Yangyi"]
[Black "Xu, Xiangyu"]
[Result "1/2-1/2"]
[WhiteElo "2738"]
[BlackElo "2583"]
[PlyCount "67"]
[EventDate "2019.06.19"]
[EventType "team"]
[WhiteTeam "Beijing"]
[BlackTeam "Chengdu"]

1. c4 b6 2. b3 Bb7 3. Bb2 Nf6 4. Nf3 g6 5. e3 Bg7 6. Be2 c5 7. O-O d5 8. cxd5
O-O 9. Qc2 Qxd5 10. Nc3 Qd7 11. Rac1 Nc6 12. Qb1 Rad8 13. Rfd1 Ng4 14. h3 Nge5
15. Ne1 f5 16. d4 cxd4 17. Nb5 Nf7 18. Nxd4 Nxd4 19. Bxd4 Bxd4 20. Rxd4 Qe6 21.
Rxd8 Rxd8 22. Rc7 Rd7 23. Bc4 Qd6 24. Rxd7 Qxd7 25. Qa1 Bd5 26. Qd4 Be6 27.
Bxe6 Qxe6 28. Nd3 Qc6 29. a4 Kf8 30. a5 Qd6 31. Qxd6 Nxd6 32. axb6 axb6 33. Ne5
Ke8 34. Kf1 1/2-1/2

[Event "Chinese League 2019"]
[Site "Daqing CHN"]
[Date "2019.06.22"]
[Round "4"]
[White "Wang, Hao"]
[Black "Wei, Yi"]
[Result "1/2-1/2"]
[WhiteElo "2737"]
[BlackElo "2741"]
[PlyCount "60"]
[EventDate "2019.06.19"]
[EventType "team"]
[WhiteTeam "Heilongjiang"]
[BlackTeam "Jiangsu"]

1. e4 e5 2. Nf3 Nf6 3. Nxe5 d6 4. Nc4 Nxe4 5. Qe2 Qe7 6. Ne3 Nc6 7. Nd5 Qe5 8.
Nxc7+ Kd8 9. Nb5 a6 10. d4 Qf5 11. N5a3 Nxd4 12. Qe3 d5 13. f3 Bb4+ 14. c3 Nxc3
15. Qxd4 Re8+ 16. Be3 Nxb1+ 17. Kf2 Rxe3 18. Qxb4 Nxa3 19. Qb6+ Kd7 20. Qxe3
Nc2 21. Qc3 Nxa1 22. Bd3 Qg5 23. Re1 Kd6 24. Qb4+ Kc6 25. a4 Bd7 26. Re7 Rd8
27. Bxa6 bxa6 28. a5 Rb8 29. Qxb8 Qd2+ 30. Kg3 Qg5+ 1/2-1/2

[Event "Chinese League 2019"]
[Site "Daqing CHN"]
[Date "2019.06.23"]
[Round "5"]
[White "Dai, Changren"]
[Black "Yu, Yangyi"]
[Result "1-0"]
[WhiteElo "2480"]
[BlackElo "2738"]
[PlyCount "115"]
[EventDate "2019.06.19"]
[EventType "team"]
[WhiteTeam "Tianjin"]
[BlackTeam "Beijing"]

1. e4 e6 2. d4 d5 3. Nc3 Bb4 4. e5 b6 5. Qg4 Bf8 6. Nf3 Qd7 7. h4 Ne7 8. h5 h6
9. Qf4 Ba6 10. Be2 c5 11. a4 Bxe2 12. Nxe2 Nbc6 13. O-O Nb4 14. Ne1 Nec6 15. c3
Na6 16. Qg3 Na5 17. Bf4 Nb3 18. Ra3 c4 19. Ra2 O-O-O 20. Nc1 Na5 21. Nf3 Kb8
22. Nd2 Rc8 23. Ne2 Ka8 24. Be3 Qe8 25. Rb1 Nb8 26. Qg4 Nbc6 27. Ng3 f5 28.
exf6 gxf6 29. Re1 Qf7 30. Bf4 Re8 31. Qg6 Nd8 32. Raa1 Rg8 33. Qxf7 Nxf7 34.
Nf5 Kb7 35. Re2 Kc6 36. Rae1 Kd7 37. Nf3 Ng5 38. Bxg5 hxg5 39. h6 Nc6 40. Nh2
Nd8 41. Ng4 Rg6 42. Re3 Nf7 43. h7 Bd6 44. Ng7 Rh8 45. Nh5 e5 46. Nhxf6+ Ke6
47. dxe5 Bc5 48. R3e2 Rd8 49. Rd1 d4 50. cxd4 Rxd4 51. Rxd4 Bxd4 52. Rd2 Bc5
53. Rd7 Be7 54. Rxa7 Rg7 55. Rb7 Nh8 56. Rxb6+ Kf5 57. Rb8 Bxf6 58. Nxf6 1-0

[Event "Chinese League 2019"]
[Site "Daqing CHN"]
[Date "2019.06.23"]
[Round "5"]
[White "Xu, Yinglun"]
[Black "Wang, Hao"]
[Result "1/2-1/2"]
[WhiteElo "2548"]
[BlackElo "2737"]
[PlyCount "70"]
[EventDate "2019.06.19"]
[EventType "team"]
[WhiteTeam "Guangdong"]
[BlackTeam "Heilongjiang"]

1. d4 Nf6 2. c4 e6 3. Nf3 d5 4. Nc3 Nbd7 5. Bg5 c6 6. e3 Qa5 7. Nd2 Bb4 8. cxd5
Bxc3 9. bxc3 Nxd5 10. c4 Nc3 11. Qc2 Qxg5 12. Qxc3 O-O 13. f4 Qe7 14. Be2 b6
15. Bf3 Bb7 16. O-O Rab8 17. c5 bxc5 18. Qa3 Rfe8 19. Qxa7 cxd4 20. Qxd4 c5 21.
Qc3 Bxf3 22. Nxf3 e5 23. Nxe5 Nxe5 24. Qxe5 Qxe5 25. fxe5 Rxe5 26. Rfc1 g6 27.
a4 Rxe3 28. Rxc5 Rb2 29. Rb5 Rc2 30. a5 Ree2 31. Rg5 h6 32. Rg3 Ra2 33. Rxa2
Rxa2 34. Rb3 Rxa5 35. h4 h5 1/2-1/2

[Event "Chinese League 2019"]
[Site "Daqing CHN"]
[Date "2019.06.23"]
[Round "5"]
[White "Zhang, Ziji"]
[Black "Bu, Xiangzhi"]
[Result "1/2-1/2"]
[WhiteElo "2408"]
[BlackElo "2729"]
[PlyCount "76"]
[EventDate "2019.06.19"]
[EventType "team"]
[WhiteTeam "Hebei"]
[BlackTeam "Shandong"]

1. d4 Nf6 2. c4 e6 3. Nc3 Bb4 4. Qc2 d5 5. a3 Bxc3+ 6. Qxc3 O-O 7. Nf3 dxc4 8.
Qxc4 b6 9. Bg5 Ba6 10. Qa4 Qd7 11. Qc2 c5 12. dxc5 Rc8 13. Bxf6 gxf6 14. Rd1
Qe7 15. e4 Bxf1 16. Kxf1 bxc5 17. g3 Nc6 18. Kg2 Nd4 19. Qc3 e5 20. Nd2 Rab8
21. Rb1 Qe6 22. Qc4 Kg7 23. Rhc1 Qg4 24. h3 Qg5 25. Rd1 h5 26. Nf3 Qg6 27. Re1
Nxf3 28. Kxf3 Rd8 29. Qxc5 Rd4 30. Qc2 f5 31. exf5 Qd6 32. Kg2 h4 33. Qe2 hxg3
34. Qxe5+ Qxe5 35. Rxe5 gxf2 36. Kxf2 Kf6 37. Re3 Rd2+ 38. Kf3 Rbxb2 1/2-1/2

[Event "Chinese League 2019"]
[Site "Daqing CHN"]
[Date "2019.06.23"]
[Round "5"]
[White "Fang, Yuxiang"]
[Black "Wei, Yi"]
[Result "1/2-1/2"]
[WhiteElo "2463"]
[BlackElo "2741"]
[PlyCount "60"]
[EventDate "2019.06.19"]
[EventType "team"]
[WhiteTeam "Shanxi"]
[BlackTeam "Jiangsu"]

1. d4 d5 2. c4 e6 3. Nc3 c6 4. cxd5 exd5 5. Nf3 Bd6 6. Bg5 Ne7 7. e3 Bg4 8. Bh4
Nd7 9. Bd3 Qb8 10. Bg3 f5 11. Qc2 Bxf3 12. gxf3 g6 13. O-O-O Qc7 14. Kb1 f4 15.
Bh4 fxe3 16. fxe3 Nb6 17. e4 dxe4 18. fxe4 O-O-O 19. Qb3 Bf4 20. Qe6+ Rd7 21.
Bf6 Rf8 22. Rhf1 Qd6 23. Qxd6 Bxd6 24. e5 Ned5 25. Bg5 Rxf1 26. Bxf1 Be7 27.
Bh6 Rd8 28. Bh3+ Kb8 29. Rf1 c5 30. Nxd5 Nxd5 1/2-1/2

[Event "Chinese League 2019"]
[Site "Daqing CHN"]
[Date "2019.06.24"]
[Round "6"]
[White "Xu, Xiangyu"]
[Black "Bu, Xiangzhi"]
[Result "1/2-1/2"]
[WhiteElo "2583"]
[BlackElo "2729"]
[PlyCount "60"]
[EventDate "2019.06.19"]
[EventType "team"]
[WhiteTeam "Chengdu"]
[BlackTeam "Shandong"]

1. e4 e5 2. Nf3 Nf6 3. Nxe5 d6 4. Nf3 Nxe4 5. d4 d5 6. Bd3 Nc6 7. O-O Be7 8. c4
Nb4 9. Be2 O-O 10. Nc3 Bf5 11. a3 Nxc3 12. bxc3 Nc6 13. Re1 Re8 14. Bf4 dxc4
15. Bxc4 Bd6 16. Rxe8+ Qxe8 17. Bxd6 cxd6 18. Ng5 Bg6 19. h4 Qe7 20. Qg4 h6 21.
h5 Bxh5 22. Qxh5 hxg5 23. Rd1 Rf8 24. Rd3 Qe1+ 25. Kh2 Qxf2 26. Rh3 Qf4+ 27.
Kg1 Qc1+ 28. Kh2 Qf4+ 29. Kg1 Qc1+ 30. Kh2 Qf4+ 1/2-1/2

[Event "Chinese League 2019"]
[Site "Daqing CHN"]
[Date "2019.06.24"]
[Round "6"]
[White "Wang, Hao"]
[Black "Bai, Jinshi"]
[Result "1/2-1/2"]
[WhiteElo "2737"]
[BlackElo "2606"]
[PlyCount "106"]
[EventDate "2019.06.19"]
[EventType "team"]
[WhiteTeam "Heilongjiang"]
[BlackTeam "Shanghai"]

1. e4 e5 2. Bc4 Nf6 3. d3 c6 4. Nf3 d5 5. Bb3 Bb4+ 6. Bd2 Bxd2+ 7. Qxd2 O-O 8.
exd5 cxd5 9. Nxe5 a5 10. a4 Nc6 11. d4 Qb6 12. Nxc6 bxc6 13. O-O Ne4 14. Qe3
Nd6 15. Rd1 Re8 16. Qf4 Nf5 17. Nc3 h6 18. h3 Bd7 19. Rd3 Qb8 20. Qd2 Bc8 21.
Re1 Rxe1+ 22. Qxe1 Ba6 23. Rd1 Qf4 24. Qe5 Qxe5 25. dxe5 g5 26. Nxd5 cxd5 27.
Rxd5 Bc8 28. Rd8+ Kg7 29. Bd5 Rb8 30. Bf3 Ne7 31. Re8 Ng6 32. Bg4 Rxb2 33. Rxc8
Nxe5 34. Be2 Ra2 35. Bb5 h5 36. Rc3 f5 37. Kf1 h4 38. Ke2 Kf6 39. Rc8 f4 40. f3
Ra1 41. Rf8+ Ke6 42. Ra8 Rg1 43. Kf2 Rc1 44. Rxa5 Rxc2+ 45. Kg1 Rc1+ 46. Bf1
Ra1 47. Ra8 Nc4 48. Kf2 Ra2+ 49. Be2 Ne5 50. Ke1 Ra1+ 51. Bd1 Nc4 52. Ke2 Ra2+
53. Ke1 Ra1 1/2-1/2

[Event "Summer Chess Classic A 2019"]
[Site "Saint Louis USA"]
[Date "2019.06.18"]
[Round "1"]
[White "Jones, Gawain C B"]
[Black "Xiong, Jeffery"]
[Result "1/2-1/2"]
[WhiteElo "2709"]
[BlackElo "2684"]
[PlyCount "95"]
[EventDate "2019.06.18"]

1. e4 c6 2. d4 d5 3. e5 Bf5 4. h4 h5 5. Bd3 Bxd3 6. Qxd3 Qa5+ 7. Nd2 e6 8. Ngf3
Nh6 9. O-O Nf5 10. Nb3 Qa6 11. Qd1 Nd7 12. Bf4 Be7 13. g3 Rc8 14. c3 c5 15. a4
Qb6 16. Ra2 a6 17. dxc5 Bxc5 18. Kg2 Nf8 19. a5 Qb5 20. Nxc5 Rxc5 21. Re1 Ng6
22. Be3 Rc8 23. Bb6 Nge7 24. Nd4 Qd7 25. Ra3 Rc4 26. Qf3 Qc8 27. Rd1 g6 28. b4
O-O 29. Bc5 Re8 30. Bxe7 Nxe7 31. Rb3 Nc6 32. Qe3 Qc7 33. Re1 Rc8 34. Qf4 Nxd4
35. cxd4 Rc3 36. Re3 Rc1 37. Rf3 Rf8 38. g4 hxg4 39. Qxg4 Qc4 40. Rfd3 Ra1 41.
Qf4 Qc2 42. Qe3 Kg7 43. h5 Rh8 44. Qf4 Qe2 45. Qf6+ Kg8 46. Qd8+ Kg7 47. Qf6+
Kg8 48. Qd8+ 1/2-1/2

[Event "Summer Chess Classic A 2019"]
[Site "Saint Louis USA"]
[Date "2019.06.18"]
[Round "1"]
[White "Shankland, Sam"]
[Black "Howell, David W L"]
[Result "0-1"]
[WhiteElo "2717"]
[BlackElo "2692"]
[PlyCount "170"]
[EventDate "2019.06.18"]

1. e4 e5 2. Nf3 Nc6 3. Bb5 Nf6 4. O-O Nxe4 5. d4 Nd6 6. Bxc6 dxc6 7. dxe5 Nf5
8. Qxd8+ Kxd8 9. h3 Bd7 10. Rd1 Kc8 11. g4 Ne7 12. Ng5 Be8 13. f4 h6 14. Ne4 b6
15. c4 h5 16. Kf2 Ng6 17. Nbc3 Be7 18. b3 Bd7 19. Kg3 Bh4+ 20. Kf3 Be7 21. Nf2
hxg4+ 22. hxg4 f5 23. exf6 Bxf6 24. Bb2 c5 25. Rd2 Rf8 26. f5 Nh4+ 27. Kg3 Be5+
28. Kxh4 Bf4 29. Kh3 Bxd2 30. Nce4 Bh6 31. Rd1 Bc6 32. g5 Rxf5 33. gxh6 gxh6
34. Kg4 Rf7 35. Nf6 Kb7 36. Rd2 Rg7+ 37. Kf4 Rg2 38. Be5 Rf8 39. Ke3 Rg5 40.
Kf4 Rg2 41. Ke3 h5 42. Nd3 Rxd2 43. Kxd2 h4 44. Nf4 Rh8 45. Ng4 Re8 46. Bf6 Re4
47. Bg5 h3 48. Nh2 Bd7 49. Ne2 Bf5 50. Be3 Re8 51. Nf4 Bb1 52. Nf1 Bxa2 53.
Nxh3 Bxb3 54. Kc3 Bd1 55. Nf4 a5 56. Bc1 Bg4 57. Ne3 Be6 58. Nd3 Rh8 59. Ba3
Rh3 60. Kd2 Rh2+ 61. Kc3 Rh3 62. Kd2 Bg8 63. Bc1 Bh7 64. Nf4 Rh4 65. Ne2 c6 66.
Ba3 Ka6 67. Kc3 Re4 68. Kd2 Re8 69. Nc1 Bg6 70. Ng4 Re4 71. Ne3 Rh4 72. Ne2 Bh7
73. Nc1 Rd4+ 74. Kc3 Kb7 75. Nf1 Kc7 76. Nd2 Rh4 77. Kb2 Rh2 78. Kc3 Rh3+ 79.
Kb2 Rh2 80. Kc3 Kd6 81. Ncb3 Rh3+ 82. Kb2 Rh2 83. Kc1 Rh4 84. Kb2 a4 85. Nf3
Rxc4 0-1

[Event "Summer Chess Classic A 2019"]
[Site "Saint Louis USA"]
[Date "2019.06.18"]
[Round "1"]
[White "Swiercz, Dariusz"]
[Black "Le, Quang Liem"]
[Result "1/2-1/2"]
[WhiteElo "2667"]
[BlackElo "2694"]
[PlyCount "53"]
[EventDate "2019.06.18"]

1. e4 e5 2. Nf3 Nc6 3. Bb5 Nf6 4. d3 Bc5 5. c3 O-O 6. Nbd2 d6 7. O-O Ne7 8. d4
exd4 9. cxd4 Bb6 10. Re1 Bg4 11. h3 Bh5 12. a4 a6 13. Bf1 Nc6 14. a5 Bxf3 15.
Nxf3 Bxa5 16. Re2 d5 17. Bg5 dxe4 18. Rxe4 Bb6 19. Rh4 Qd6 20. Bc4 Rad8 21. Qc2
g6 22. Rd1 Rd7 23. Bf4 Qe7 24. Bg5 Qd6 25. Bf4 Qe7 26. Bg5 Qd6 27. Bf4 1/2-1/2

[Event "Summer Chess Classic A 2019"]
[Site "Saint Louis USA"]
[Date "2019.06.19"]
[Round "2"]
[White "Xiong, Jeffery"]
[Black "Le, Quang Liem"]
[Result "1-0"]
[WhiteElo "2684"]
[BlackElo "2694"]
[PlyCount "83"]
[EventDate "2019.06.18"]

1. d4 Nf6 2. c4 e6 3. Nc3 Bb4 4. Nf3 d5 5. cxd5 exd5 6. Bf4 Nc6 7. Rc1 O-O 8.
e3 Ne7 9. Qb3 a5 10. a3 Bxc3+ 11. bxc3 a4 12. Qb2 Ne4 13. Nd2 c6 14. Nxe4 dxe4
15. Bg3 Nf5 16. Be2 g6 17. Bf4 g5 18. Be5 f6 19. Bg3 Kg7 20. c4 Qe7 21. Rb1 Qf7
22. Qb6 Re8 23. h4 Nxg3 24. fxg3 Ra6 25. Qc5 Qc7 26. hxg5 Ra5 27. gxf6+ Kxf6
28. Qb4 Rf5 29. g4 Qg3+ 30. Kd2 Rf2 31. Rbf1 Kg7 32. Rxf2 Qxf2 33. Qd6 Qf7 34.
g5 Kg8 35. Rf1 Qe7 36. c5 Qxd6 37. cxd6 Kg7 38. Bh5 Rf8 39. Rxf8 Kxf8 40. g6
Bd7 41. gxh7 Kg7 42. Bg6 1-0

[Event "Summer Chess Classic A 2019"]
[Site "Saint Louis USA"]
[Date "2019.06.19"]
[Round "2"]
[White "Howell, David W L"]
[Black "Swiercz, Dariusz"]
[Result "1/2-1/2"]
[WhiteElo "2692"]
[BlackElo "2667"]
[PlyCount "75"]
[EventDate "2019.06.18"]

1. c4 e5 2. g3 Nf6 3. Bg2 d5 4. cxd5 Nxd5 5. Nf3 Nc6 6. O-O Nb6 7. d3 Be7 8. a3
O-O 9. Nbd2 a5 10. b3 Be6 11. Bb2 f6 12. Qc2 Qd7 13. Rfd1 Rfd8 14. Rac1 Qe8 15.
e3 Qf8 16. Ra1 Rd7 17. d4 exd4 18. Nxd4 Nxd4 19. Bxd4 c5 20. Bc3 a4 21. bxa4
Nxa4 22. Rab1 Nxc3 23. Qxc3 c4 24. Qc2 Bxa3 25. Rxb7 Rxb7 26. Bxb7 Rd8 27. Rb1
Qc5 28. Nf3 Bf5 29. Be4 Bxe4 30. Qxe4 Qd5 31. Qxd5+ Rxd5 32. Nd4 c3 33. Rb8+
Kf7 34. Rb7+ Kg6 35. Rc7 Bc5 36. Kf1 Bxd4 37. exd4 Rxd4 38. Rxc3 1/2-1/2

[Event "Summer Chess Classic A 2019"]
[Site "Saint Louis USA"]
[Date "2019.06.19"]
[Round "2"]
[White "Jones, Gawain C B"]
[Black "Shankland, Sam"]
[Result "1/2-1/2"]
[WhiteElo "2709"]
[BlackElo "2717"]
[PlyCount "82"]
[EventDate "2019.06.18"]

1. e4 e6 2. d4 d5 3. Nd2 c5 4. Ngf3 cxd4 5. Nxd4 Nc6 6. Bb5 Bd7 7. Nxc6 bxc6 8.
Bd3 Qc7 9. Qe2 Ne7 10. Nf3 Ng6 11. O-O Be7 12. Re1 O-O 13. e5 c5 14. Bg5 Rae8
15. c4 Bc6 16. cxd5 Bxd5 17. Bxe7 Rxe7 18. Be4 Rd7 19. Qc2 Bxe4 20. Rxe4 Rd5
21. Rae1 Rfd8 22. h4 h6 23. h5 Ne7 24. Rc4 Qb6 25. Rc1 Nc6 26. Rxc5 Nb4 27. Qc4
Nd3 28. Rxd5 Rxd5 29. Rc2 Nxe5 30. Nxe5 Rxe5 31. g4 Rg5 32. Kf1 Qd6 33. f3 Rd5
34. Kg2 Rd2+ 35. Rxd2 Qxd2+ 36. Kg3 Qe1+ 37. Kg2 Qd2+ 38. Kg3 Qxb2 39. Qc8+ Kh7
40. Qc7 Qxa2 41. Qxf7 a5 1/2-1/2

[Event "Summer Chess Classic A 2019"]
[Site "Saint Louis USA"]
[Date "2019.06.20"]
[Round "3"]
[White "Shankland, Sam"]
[Black "Xiong, Jeffery"]
[Result "1/2-1/2"]
[WhiteElo "2717"]
[BlackElo "2684"]
[PlyCount "97"]
[EventDate "2019.06.18"]

1. c4 e5 2. g3 Nf6 3. Bg2 c6 4. Nf3 e4 5. Nd4 d5 6. cxd5 Qxd5 7. e3 Qe5 8. d3
exd3 9. Nd2 Bc5 10. Nc4 Qh5 11. Qxh5 Nxh5 12. Nb3 Be7 13. Bd2 O-O 14. Ne5 Nf6
15. Nxd3 Rd8 16. Nf4 Na6 17. Ba5 Bb4+ 18. Ke2 b6 19. Bxc6 Rb8 20. Bxb4 Nxb4 21.
Bb5 a6 22. Rhd1 Bg4+ 23. f3 axb5 24. fxg4 Nxg4 25. h3 Nxe3 26. Rxd8+ Rxd8 27.
Kxe3 Nc2+ 28. Ke2 Nxa1 29. Nxa1 Ra8 30. a3 b4 31. Nc2 b3 32. Nd4 Rxa3 33. Nd3
Ra1 34. Nxb3 Rg1 35. Kf2 Rd1 36. Nbc1 Kf8 37. Ke3 Ke7 38. Ne2 Kd6 39. h4 Rf1
40. Nc3 h6 41. Ne4+ Ke6 42. Nd2 Rg1 43. Nf4+ Kd6 44. Ne2 Re1 45. Nc4+ Kc5 46.
Ne5 Rf1 47. Nf4 Re1+ 48. Ne2 Rf1 49. Nf4 1/2-1/2